000 01025 am a2200217 a 4500
005 20240628101535.0
008 100914s1986||||ve # f |||| 001 0 spa d
020 _a9802653861
041 _aspa
092 _c610.738
_l21
_sENF
110 1 _aFederación Panamericana de asociaciones de Facultades (escuelas) de Medicina.
_91461
_gFEPAFEM
245 3 _aLa Enfermeria en latinoamerica. Estrategías para su desarrollo.
_nN°8 Memorias de la Reunión de Líderes de Enfermería /
_cFederación Panamericana de asociaciones de Facultades (escuelas) de Medicina.
250 _a1a ed.
260 _aCaracas [Venezuela]:
_bFEPAFEM;
_c1986.
300 _a234 p.
500 _aFederación Panamericana de asociaciones de Facultades (escuelas) de Medicina (FEPAFEM). (1986). La enfermería en Latinoamérica. Estrategias para su desarrollo. N°8 Memorias de la Reunión de Líderes de Enfermería. (1a ed.). Caracas [Venezuela] : FEPAFEM.
653 _aEnfermería
653 _aLatinoamérica
930 _a534
942 _2ddc
_cBK
999 _c724
_d724